03828nam a2200301 i 4500003000900000005001700009007000300026008004100029040003000070082002400100110006700124245005000191264006000241300004500301336002700346337003400373338002800407505234100435590002702776610008802803700004402891910000702935942001402942952023302956952016003189952016003349999001703509DO-SdBNP20250909105639.0ta110413s2012 dr 000 0 spa d aDO-SdBNPbspacBNPHUerda a027.7293bR426m2222 aArchivo General de la Nación (República Dominicana)98540010aMemoria de gestión y resultados 2004-2012 / 1aSanto Domingo ;bArchivo General de la Nación,c2012. a86 páginas : bfotografías ;c29 cm. atextobtxt2rdacontent asin mediación bn2rdamedia avolumenbnc2rdacarrier aEstado del Archivo General de la Nación en 2004, 9.-- Consideraciones de los historiadores, 9.-- Propuesta del Presidente Leonel Fernández, 9.-- Provisión de recursos, 10.-- Medidas de emergencia, 11.-- Formulación del Primer Plan Trienal, 2005-2008, 12.-- Primeras asesorías internacionales, 13.-- Inventario topográfico, 13.-- Fondos en 2006, 14.-- Opción por la digitalización, 17.--Asesoría de Vinfra S.A., 17.-- Plataforma informática y de digitalización, 18.-- Programa Albalá, 19.-- Incorporación de nuevos soportes documentales, 20.-- Formación de un archivo de voces, 24.-- Contratiempos y fortalecimiento de la asesoría internacional, 25.-- Alianzas estratégicas, 26.-- Reorganización departamental, 27.-- Ley General de Archivos, 29.-- Los encuentros nacionales de archivos, 30.-- Capacitación archivística, 31.-- Pagina web, 32.-- Culminación de la digitalización, 33.-- Mejorías de la sala de atención a usuarios, 35.-- Sistematización de los instrumentos de referencias, 37.-- Ampliación de la biblioteca, 38.-- Equipamiento de seguridad, 38.-- Equipos ambientes, 39.-- Política de restauración de documentos, 40.-- Donaciones, 41.-- Digitalización de documentos de otros archivos, 41.-- Tesauro, 43.-- Archivo central, 43.-- Transferencias documentales al AGN, 44.-- Certificaciones, 45.-- Tareas del departamento de investigación y sus publicaciones, 45.-- Investigaciones históricas, 47.-- Exposiciones, 47.-- Documentales audiovisuales, 48.-- Conferencias y programas de radio, 48.-- Reorientación de recursos humanos, 48.-- El Seguro Plan Trienal, 2009-2012, 49.-- Implementación del Sistema Nacional de Archivos (SNA), 51.-- Nave de Haina, 52.-- Terminación del edificio anexo, 53.-- Gestiones para la creación de archivos regionales, 54.-- Apoyo a Haití, 54.-- Patronato, 55.-- Recientes productos archivísticos, 56.-- Sala de exposición, 57.-- Biblioteca digital, 57.-- Documentos electrónicos, 58.-- Realizaciones pendientes y perspectivas a futuro, 59.-- Anexo 1. Cuadro de clasificación de fondos del AGN, 65.-- Anexo 2. Ponencias presentadas en los Encuentros Nacionales de Archivos, 74.-- Anexo 3. Relación de donantes, 77.-- Anexo 4. Relación de libros publicados, 79.-- Anexo 5. Resumen de la ejecución anual de gastos, 86. aInventariado, 2023/ DG20aArchivo General de la Nación (República Dominicana)vMemorias e informes985400 aCassá, Robertoeprólogo9815644pr. aDG 2ddccLBS1 00102ddc51708PDaBNPHUbBNPHUcCTd2014-06-02eDonado por Chiqui V. / Fidelio D.l0oBNPHU PD 027.7293 R426mp2023-6617r2023-10-03w2023-10-03yLBS1zPerteneció a la biblioteca personal de Chiqui Vicioso/Fidelio Despradel 00102ddc51708PDaBNPHUbBNPHUcCTd2023-11-22eDonado por Mónica Despradell0oBNPHU PD 027.7293 R426mp2025-9838r2025-09-09te. 2w2025-09-09yLBS1 00102ddc56708DSaBNPHUbBNPHUcCTd2023-11-22eDonado por Mónica Despradell0oBNPHU DS 027.7293 R426mp2025-9839r2025-09-09te. 3w2025-09-09yLBS1 c55052d55052